000 00525nam a22001817a 4500
005 20251108164055.0
008 250721s1981 xx 000 0 ara d
082 1 4 _a216,9/محم
100 1 _aالمبارك، محمد
245 1 0 _aنظام الإسلام :
_bالحكم و الدولة /
250 _aط4.
264 1 _aبيروت :
_bدار الفكر،
_c1981.
300 _a149ص
490 0 _aالثقافة الإسلامية
650 1 7 _aالأحكام السلطانية
942 _2ddc
_cBK
999 _c2935
_d2935